| 000 | 01425nam a22002297a 4500 | ||
|---|---|---|---|
| 005 | 20111116161950.0 | ||
| 008 | 111116s1954 ua|||||r|||| 001 0 ara d | ||
| 082 |
_222 _a185 _bط ا ل |
||
| 100 |
_922185 _aطاليس، أرسطو |
||
| 245 |
_aأرسطو طاليس فى النفس : _b” الاراء الطبيعية” المنسوب الى فلوطرخس ” الحاس والمحسوس” لابن رشد ” النبات” المنسوب الى ارسطو طاليس / _cتأليف أرسطو طاليس ؛ راجعها على أصولها اليونانية وشرحها وحققها وقدم لها عبدالرحمن بدوى. |
||
| 246 | _a” الاراء الطبيعية” المنسوب الى فلوطرخس ” الحاس والمحسوس” لابن رشد ” النبات” المنسوب الى ارسطو طاليس | ||
| 260 |
_aالقاهرة : _bمكتبة النهضة المصرية، _c1954. |
||
| 300 |
_a290 ص.؛ _c24 سم. |
||
| 504 | _6يشتمل على ارجاعات ببليوجرافية و كشافات | ||
| 650 |
_915104 _aالفلسفة الغربية |
||
| 650 |
_915854 _aالفلسفة اليونانية |
||
| 650 |
_98307 _aفلسفة أرسطو |
||
| 653 |
_bAra _cNovember2011 |
||
| 700 |
_922188 _aبدوى، عبد الرحمن |
||
| 942 |
_2ddc _cBB |
||
| 999 |
_c16222 _d16222 |
||